000 00541nam a22001937a 4500
005 20210414105710.0
008 210309s1964 ||||| |||| 00| 0 eng d
040 _aeng
_cDLC
_deng
041 _aeng
080 _a821.111
_bM-33
100 _91305
_aMarric, J., J.
245 _aGideon's Lot
_c/ by: Popular Library
260 _aNew York
_b Popular Library
_c1964
300 _a192 p.
365 _b0.75 usd
650 0 _9247
_aEnglish literature
653 _aინგლისური ლიტერატურა
942 _2udc
_cBK
999 _c2047
_d2047